00500nam a2200181Ia 4500003000400000008004100004040001600045082001700061100002100078245004700099260005100146300001000197650001800207650002800225650001300253650002000266650003200286GCL140319s9999 xx 000 0 eng d aGCL / cGCL04a005.369bS L1 aSMITH, GRAHAM T.10aLOTUS 1 - 2 - 3 Quick / cSMITH, GRAHAM T. a[S.N] : bSOUTH-WEATERN PUBISHING CO ، c1993 a164 P04aCOMPUTER FILE04aELECTRONIC SPREADSHEETS04aBUSINESS04aCOMPUTER PROGRM04aLOTUS 1-2-3 (COMPUTER FILE)